Literatura infantil y desarrollo creativo / (Registro nro. 7433)
[ vista simple ]
| 000 -LEADER | |
|---|---|
| fixed length control field | 01070nam a2200289 a 4500 |
| 001 - CONTROL NUMBER | |
| control field | 000044037 |
| 003 - CONTROL NUMBER IDENTIFIER | |
| control field | DO-SdBNP |
| 005 - DATE AND TIME OF LATEST TRANSACTION | |
| control field | 20150217151441.0 |
| 007 - PHYSICAL DESCRIPTION FIXED FIELD--GENERAL INFORMATION | |
| fixed length control field | 000044037 |
| 008 - FIXED-LENGTH DATA ELEMENTS--GENERAL INFORMATION | |
| fixed length control field | 140513s1996 dr a 000 0 spa d |
| 040 ## - CATALOGING SOURCE | |
| Original cataloging agency | BPMET |
| Language of cataloging | spa |
| Transcribing agency | BPMET |
| 092 ## - LOCALLY ASSIGNED DEWEY CALL NUMBER (OCLC) | |
| Classification number | xxxxxxx |
| Item number | xxxxxxx |
| 100 1# - MAIN ENTRY--PERSONAL NAME | |
| Personal name | Luciano López, Margarita |
| 245 10 - TITLE STATEMENT | |
| Title | Literatura infantil y desarrollo creativo / |
| Statement of responsibility, etc. | Margarita Luciano López, Eleanor Grimaldi Silié ; ilustraciones Orlando Guerrero, Rafael Sang Luciano. |
| 260 ## - PUBLICATION, DISTRIBUTION, ETC. (IMPRINT) | |
| Place of publication, distribution, etc. | Santo Domingo, : |
| Name of publisher, distributor, etc. | Taller, |
| Date of publication, distribution, etc. | 1996. |
| 300 ## - PHYSICAL DESCRIPTION | |
| Extent | 223 p. : |
| Other physical details | il. ; |
| Dimensions | 28 cm. |
| 500 ## - GENERAL NOTE | |
| General note | Incluye datos biográficos de las autoras en la contracubierta |
| 504 ## - BIBLIOGRAPHY, ETC. NOTE | |
| Bibliography, etc | Incluye referencias bibliográficas y notas al pie de las páginas |
| 504 ## - BIBLIOGRAPHY, ETC. NOTE | |
| Bibliography, etc | Bibliografías : p. 223 |
| 700 1# - ADDED ENTRY--PERSONAL NAME | |
| Personal name | Grimaldi Silié, Eleanor |
| 700 1# - ADDED ENTRY--PERSONAL NAME | |
| Personal name | Guerrero, Orlando, |
| Relator term | il. |
| 700 1# - ADDED ENTRY--PERSONAL NAME | |
| Personal name | Sang Luciano, Rafael, |
| Relator term | il. |
| 930 #1 - EQUIVALENCE OR CROSS-REFERENCE-UNIFORM TITLE HEADING [LOCAL, CANADA] | |
| Language of a work | BND01 |
| Medium of performance for music | LF1 |
| Field link and sequence number | 20140513 |
| Date of a work | 01 |
| Name of part/section of a work | HD |
| Miscellaneous information | 44822 |
| 942 ## - ADDED ENTRY ELEMENTS (KOHA) | |
| Source of classification or shelving scheme | Dewey Decimal Classification |
| Koha item type | Libros |
| 956 ## - LOCAL ELECTRONIC LOCATION AND ACCESS (OCLC) | |
| Host name | WMENDOZA |
| Access number | 10 |
| Compression information | 20140513 |
| Logon | BND01 |
| Processor of request | 1540 |
| 956 ## - LOCAL ELECTRONIC LOCATION AND ACCESS (OCLC) | |
| Host name | BTAVAREZ |
| Access number | 10 |
| Compression information | 20140604 |
| Logon | BND01 |
| Processor of request | 1459 |
| Withdrawn status | Lost status | Source of classification or shelving scheme | Damaged status | Not for loan | Collection code | Home library | Current library | Date acquired | Total Checkouts | Barcode | Date last seen | Price effective from | Koha item type |
|---|---|---|---|---|---|---|---|---|---|---|---|---|---|
| Dewey Decimal Classification | Biblioteca Pública Metropolitana Salomé Ureña | Biblioteca Pública Metropolitana Salomé Ureña | 02/17/2015 | BPMET15041369 | 02/17/2015 | 02/17/2015 | Libros |